01171 a2200217 4500003000500000005001700005010001700022020001500039040000900054082001000063100002500073245009400098250001200192260005300204300006000257505049900317650004200816650005000858700002600908700001900934Nust20230113154251.0 a 2002017097 a0130928585 cNust00a651.71 aBovā„„, Courtland L.10aBusiness communication today /cCourtland L. Bovā„„, John V. Thill, Barbara E. Schatzman. a7th ed. aUpper Saddle River, NJ :bPrentice Hall,cc2003. a1 v. (various pagings) :bcol. ill., col. map ;c29 cm. aPart 1: Understanding the Foundations of Business Communication (Page-1), Part 2: Applying the Three-Step Writing Process (Page-77), Part 3: : Writing Letters, Memos, e-mail and other Brief Messages (Page-183), Part 4: Finding and Communicating Information (Page-305), Part 5 : Planning, Writing, and Completing Reports and Proposals (Page-375), Part 6: Designing and Delivering Oral Presentations (Page-493), Part 7: Writing Employment Messages and Interviewing for Jobs (Page-541).  0aBusiness communicationzUnited States 0aCommunication in organizationszUnited States1 aSchatzman, Barbara E.1 aThill, John V.